Jane The Virgin Quiz Stats

Quiz not verified by Sporcle

Challenge
Share
Tweet
Embed
Score 0/18 Timer 10:00
4 Plays Today
% Correct
Grilled cheese
97.8%
By bus
97.8%
Police officer
97.7%
Artificially inseminated
97.7%
Sixteen
97.6%
Mateo
97.4%
Singer
97.3%
Petra
97.3%
Michael
97%
% Correct
Solano
96.6%
Xiomara
96.5%
Rogelio
96.4%
Villanueva
96.1%
Cancer
95.7%
Lina
95.4%
Gloriana
93.7%
Rafael
93.2%
Telenovellas
90.5%

You're not logged in!

Compare scores with friends on all Sporcle quizzes.
Sign Up with Email
OR
Log In

You Might Also Like...

Show Comments

Extras

Top Quizzes Today


Score Distribution

Your Account Isn't Verified!

In order to create a playlist on Sporcle, you need to verify the email address you used during registration. Go to your Sporcle Settings to finish the process.